[Event "Moscow op-B"]
[Site "Moscow"]
[Date "2009.02.07"]
[Round "8"]
[White "Mikhaylov, Alexander D"]
[Black "Radivilov, Igor"]
[Result "0-1"]
[WhiteElo "1400"]
[BlackElo "1947"]
[PlyCount "30"]
[EventDate "2009.01.31"]
[EventType "swiss"]
[EventRounds "9"]
[EventCountry "RUS"]
[SourceTitle "EXT 2012"]
[Source "ChessBase"]
[SourceDate "2011.11.24"]
[SourceVersion "1"]
[SourceVersionDate "2011.11.24"]
[SourceQuality "1"]

1. e4 c6 2. f4 d5 3. e5 Bf5 4. Nf3 e6 5. d4 Qb6 6. Nh4 Ne7 7. c3 c5 8. Bd3 Bxd3 9. Qxd3 cxd4 10. cxd4 Nbc6 11. Nf3 Nf5 12. Kf1 Nfxd4 13. Be3 Bc5 14. a3 Nb3 15. Ng5 Nxa1 0-1

[Event "Moscow op-B"]
[Site "Moscow"]
[Date "2009.02.05"]
[Round "6"]
[White "Mikhaylov, Alexander D"]
[Black "Litvinov, Konstantin"]
[Result "1/2-1/2"]
[WhiteElo "1400"]
[BlackElo "1768"]
[PlyCount "109"]
[EventDate "2009.01.31"]
[EventType "swiss"]
[EventRounds "9"]
[EventCountry "RUS"]
[SourceTitle "EXT 2023"]
[Source "ChessBase"]
[SourceDate "2022.10.05"]
[SourceVersion "1"]
[SourceVersionDate "2022.10.05"]
[SourceQuality "1"]

1. e4 e6 2. f4 d5 3. e5 c5 4. Nf3 Nc6 5. Bb5 Qb6 6. Bxc6+ bxc6 7. 0-0 Ba6 8. d3 c4+ 9. Kh1 cxd3 10. cxd3 Ne7 11. Ng5 h6 12. Qh5 g6 13. Qh3 Bg7 14. Nf3 Bxd3 15. Rd1 Be2 16. Rd2 Bxf3 17. Qxf3 Nf5 18. Rd3 Bf8 19. b3 Nd4 20. Qd1 Nf5 21. g4 Ng7 22. Qc2 h5 23. Rc3 Rc8 24. Ba3 Bxa3 25. Nxa3 hxg4 26. Rc1 Kd7 27. Qd2 Nf5 28. Nc4 Qa6 29. Kg2 Nh4+ 30. Kg3 Nf5+ 31. Kg2 Rh7 32. Ne3 Nh4+ 33. Kg3 Nf3 34. Qd1 Nxh2 35. R1c2 Rh3+ 36. Kg2 Rch8 37. Rxc6 Qxc6 38. Rxc6 Kxc6 39. Qd4 Nf3 40. Qa4+ Kb7 41. Qb4+ Ka8 42. Nxg4 d4 43. Nf2 Ne1+ 44. Qxe1 Re3 45. Qd2 Rd8 46. Nd3 g5 47. fxg5 Rg8 48. Kf1 Rxg5 49. Qc2 Rf3+ 50. Nf2 Kb8 51. Qe4 Rgf5 52. Qxd4 Kb7 53. Ke2 Rxf2+ 54. Qxf2 Rxf2+ 55. Kxf2 1/2-1/2

[Event "Moscow op-B"]
[Site "Moscow"]
[Date "2009.02.01"]
[Round "2"]
[White "Medvedev, Nikolai"]
[Black "Mikhaylov, Alexander D"]
[Result "1-0"]
[WhiteElo "1963"]
[BlackElo "1400"]
[PlyCount "83"]
[EventDate "2009.01.31"]
[EventType "swiss"]
[EventRounds "9"]
[EventCountry "RUS"]
[SourceTitle "EXT 2012"]
[Source "ChessBase"]
[SourceDate "2011.11.24"]
[SourceVersion "1"]
[SourceVersionDate "2011.11.24"]
[SourceQuality "1"]

1. e4 e5 2. Nf3 Nc6 3. Bb5 Bc5 4. c3 Nge7 5. d4 exd4 6. cxd4 Bb4+ 7. Nc3 d5 8. e5 0-0 9. Bg5 h6 10. Bh4 Qd7 11. 0-0 Qe6 12. Qb3 Bxc3 13. bxc3 Nf5 14. Bd3 Nxh4 15. Nxh4 Qg4 16. g3 g5 17. f3 Qh3 18. Ng2 Ne7 19. f4 Qh5 20. fxg5 Qxg5 21. Rf4 b6 22. Raf1 Be6 23. Bb1 Ng6 24. Qc2 Kg7 25. Rf6 Rg8 26. Nf4 Kh7 27. Nxg6 Rxg6 28. Rxe6 fxe6 29. Rf7+ Kg8 30. Qxg6+ Qxg6 31. Bxg6 c5 32. Re7 cxd4 33. cxd4 Kf8 34. Rxe6 Rc8 35. Bf5 Rc1+ 36. Kg2 Rd1 37. Rxh6 Rxd4 38. Rh7 a5 39. e6 Rd2+ 40. Kf3 Rxa2 41. e7+ Ke8 42. Bg6+ 1-0